|
|
|
|
| LEADER |
00000nam0a2200000 4500 |
| 001 |
368865 |
| 005 |
20231102012127.0 |
| 035 |
|
|
|a (RuTPU)RU\TPU\retro\26247
|
| 090 |
|
|
|a 368865
|
| 100 |
|
|
|a 20220421d1980 km y0rusy50 ca
|
| 101 |
0 |
|
|a rus
|
| 102 |
|
|
|a UA
|
| 105 |
|
|
|a a z 001zy
|
| 200 |
1 |
|
|a Эвристические методы календарного планирования
|f Т. П. Подчасова, В. М. Португал, В. А. Татаров, В. В. Шкурба
|
| 210 |
|
|
|a Киев
|c Технiка
|d 1980
|
| 215 |
|
|
|a 142 с.
|c ил.
|
| 320 |
|
|
|a Библиогр.: с. 138-139
|
| 606 |
1 |
|
|a Календарное планирование
|2 stltpush
|3 (RuTPU)RU\TPU\subj\13492
|9 40093
|
| 610 |
1 |
|
|a методы
|
| 610 |
1 |
|
|a эвристические методы
|
| 610 |
1 |
|
|a оптимальные алгоритмы
|
| 610 |
1 |
|
|a асимптотология
|
| 610 |
1 |
|
|a цепи Маркова
|
| 610 |
1 |
|
|a эвристические функции
|
| 610 |
1 |
|
|a практические алгоритмы
|
| 675 |
|
|
|a 658.512.6
|v 4
|
| 701 |
|
1 |
|a Подчасова
|b Т. П.
|
| 701 |
|
1 |
|a Португал
|b В. М.
|
| 701 |
|
1 |
|a Татаров
|b В. А.
|
| 701 |
|
1 |
|a Шкурба
|b В. В.
|
| 801 |
|
1 |
|a RU
|b 63413507
|c 20220421
|
| 942 |
|
|
|c BK
|